Capital Cities Closest to the Tropic of Cancer - Statistics

General Stats
  • This quiz has been taken 31 times
  • The average score is 14 of 17
Answer Stats
Latitude Capital % Correct
24.47 Abu Dhabi
92%
28.6 New Delhi
92%
21.03 Hanoi
88%
23.13 Havana
88%
19.43 Mexico City
88%
24.63 Riyadh
88%
23.73 Dhaka
85%
25.07 Nassau
85%
25.03 Taipei
85%
27.7 Kathmandu
81%
26.22 Manama
81%
25.28 Doha
77%
23.6 Muscat
77%
18.47 Santo Domingo
73%
27.47 Thimphu
73%
19.75 Naypyidaw
69%
18.53 Port-au-Prince
69%
No matching quizzes found
Score Distribution
Percent of People with Each Score
Percentile by Number Answered
Your Score History
You have not taken this quiz